Living with dyspraxia (Record no. 143039)
[ view plain ]
| 000 -LEADER | |
|---|---|
| fixed length control field | 01400nam a2200349Ia 4500 |
| 082 04 - DEWEY DECIMAL CLASSIFICATION NUMBER | |
| Classification number | 616.85/52 |
| 100 1# - MAIN ENTRY--AUTHOR NAME | |
| Personal name | Colley, Mary. |
| 245 10 - TITLE STATEMENT | |
| Title | Living with dyspraxia |
| 250 ## - EDITION STATEMENT | |
| Edition statement | Rev. ed. |
| 260 ## - PUBLICATION, DISTRIBUTION, ETC. (IMPRINT) | |
| Place of publication | London ; |
| -- | Philadelphia : |
| Name of publisher | Jessica Kingsley Publishers, |
| Year of publication | 2006. |
| 300 ## - PHYSICAL DESCRIPTION | |
| Number of Pages | 168 p. : |
| Other physical details | ill. |
| 500 ## - GENERAL NOTE | |
| General note | Includes index. |
| 650 #0 - SUBJECT ADDED ENTRY--TOPICAL TERM | |
| Topical Term | Apraxia |
| Topical Term | Psychomotor disorders. |
| 856 40 - ELECTRONIC LOCATION AND ACCESS | |
| Uniform Resource Identifier | http://site.ebrary.com/lib/rucke/Doc?id=10182482 |
No items available.
